Le musée Rodin
Furkejuvvon:
| Váldodahkkit: | , |
|---|---|
| Materiálatiipa: | Girji |
| Giella: | fránskkagiella |
| Almmustuhtton: |
París
Henri Laurens
1956
|
| Preanttus: | 2a. ed |
| Ráidu: | Memoranda
|
| Fáttát: | |
| Fáddágilkorat: |
Lasit fáddágilkoriid
Eai fáddágilkorat, Lasit vuosttaš fáddágilkora!
|
MARC
| LEADER | 00000cam a2200000 a 4500 | ||
|---|---|---|---|
| 001 | UCF8756 | ||
| 003 | CL-VaPUC | ||
| 008 | 131004e19560000fr |||||||||||||||||fre|d | ||
| 082 | 0 | 4 | |a 735.22 |b AUB |2 21 |
| 100 | 0 | |a Aubert, Marcel |e author |9 570893 | |
| 700 | |a Goldscheider, Cécile |e author |9 390731 | ||
| 245 | 1 | 3 | |a Le musée Rodin |
| 250 | |a 2a. ed | ||
| 300 | |a 64 p | ||
| 942 | |c BK | ||
| 945 | |d 20131004 22:02:00 |a dcastane | ||
| 260 | |a París |b Henri Laurens |c 1956 | ||
| 600 | 0 | 7 | |a RODIN, AUGUSTE |2 CL-VaPUC |9 265296 |
| 650 | 0 | |a Esculturas |9 344688 | |
| 650 | 0 | |a Museos |9 269209 | |
| 650 | 7 | |a MUSEOS ESPECIALIZADOS |2 CL-VaPUC |9 568037 | |
| 650 | 7 | |a ESCULTORES FRANCESES |2 CL-VaPUC |9 265297 | |
| 583 | |a last modification |c 20131004 22:02:00 |k Rodrigo Vera | ||
| 490 | 0 | |a Memoranda | |
| 999 | |c 353313 |d 353311 | ||
| 952 | |0 0 |1 0 |3 erb |4 0 |6 735_220000000000000_AUB_1956 |7 0 |8 A |9 458451 |a BIBART |b BIBART |d 2019-11-23 |i 5010357 |o 735.22 AUB 1956 |p 5010357 |r 2025-03-13 |w 2019-11-23 |y BK |z Catalogado en:20131004 |k ART | ||